00576nam a2200181Ia 4500003000400000005001700004008004100021040000700062041000800069082001600077100004100093245005600134260003700190650002000227942001300247999001900260952011500279OSt20260217145707.0250729s2020 xx 000 0 und d cAL akan a420.25 CHAS aDr.Chandrahas G Kanvathirtha9233212 aShikshana mattu bhodhana shastravagi bhashe kannada aMangalorebRashmi Printersc2020 aKannada9233213 2ddccBED c240168d240168 00104070aALbALd2025-07-29eManagement Bookl0o420.25 CHASpBED05487r2025-07-29 16:58:09w2025-07-29yBK